000
00228nam a22000857a 4500
008
170621b xxu||||| |||| 00| 0 eng d
100
_9
3595
_a
Naik D. S
245
_a
Traditional Embroidered of India
260
_a
New Delhi
_b
A. P. H
_c
1996
999
_c
6983
_d
6983